Movies Quiz

Random Movies or Sporcle Quiz

SPORCLE Movies II Quiz Stats

 Plays Quiz not verified by Sporcle

Challenge
Share
Tweet
Embed
Score 0/50 Timer 15:00
0 Plays Today
Clue Movie Title % Correct
_ _er_c_ _ /Ps_c_oAmerican Psycho
92.9%
_e_erl_/_ _lls/CopBeverly Hills Cop
91.8%
_/Cloc_ _or_/Or_ _ _eA Clockwork Orange
89.9%
_e_ _/Poe_s/Soc_e_ _Dead Poets Society
82%
_pUp
81.3%
Roc_ _Rocky
80.5%
Sc_ _ _ _ler's/L_s_Schindler's List
80.1%
Pl_ _oo_Platoon
79%
_ _e/Pro_ _cersThe Producers
78.1%
_ _rr_/Po_ _er/_ _ _/_ _e/Or_er/O_/_ _e/P_oe_ _ _Harry Potter and The Order Of The Phoenix
76.2%
Spl_s_Splash
75%
Ol_ _erOliver
74%
_ll/_ _o_ _/E_eAll About Eve
73.7%
_ _ll/_ _ _/_e_'s/E_celle_ _/_ _ _e_ _ _reBill and Ted's Excellent Adventure
69.5%
_ _e/_eer/_ _ _ _erThe Deer Hunter
68.5%
So_e/L_ _e/_ _/_o_Some Like It Hot
65.8%
E_p_re/O_/_ _e/S_ _Empire Of The Sun
65.6%
Re_el/_ _ _ _o_ _/_/C_ _seRebel Without A Cause
65.5%
Sp_r_ _c_sSpartacus
63.7%
_ _/_ _er_c_ _/_ere_ol_/_ _/Lo_ _o_An American Werewolf In London
62.1%
_ _r_ss_c/P_r_Jurassic Park
57.6%
_oo_ _ell_sGoodfellas
57%
_ _e/_ _le_ _e_/_r./R_ple_The Talented Mr. Ripley
55.7%
_ _ll/S_ree_Wall Street
54.6%
_ _ce/O_ _Face/Off
53.9%
Clue Movie Title % Correct
O_/_ _e/_ _ _er_ro_ _On The Waterfront
51.8%
_ool_ _ _erZoolander
51.5%
_ _e/_re_c_/Co_ _ec_ _o_The French Connection
51.2%
Le_ _ _ _ _/L_s/_e_ _sLeaving Las Vegas
49%
_oo_/_ _ll/_ _ _ _ _ _ _Good Will Hunting
46.7%
Re_ _ _e_/_or/_/_re_ _Requiem For A Dream
46.4%
_ _e/_er_ _ _ _ _orThe Terminator
46.1%
_ _e/S_ _ _s_ _ _ _/Re_e_p_ _o_The Shawshank Redemption
44.3%
_es_/S_ _e/S_or_West Side Story
43.3%
C_ _l_re_/O_/_e_Children Of Men
41.5%
_ _s_er/_ _ _/Co_ _ _ _ _er/_ _e/_ _r/S_ _e/O_/_ _e/_orl_Master & Commander: The Far Side Of The World
40.3%
L/_/Co_ _ _ _e_ _ _ _lL. A. Confidential
39.6%
_ _ _epe_ _e_ce/_ _ _Independence Day
36.2%
_/_ _/Le_e_ _I Am Legend
35.4%
_o_e/_lo_eHome Alone
33.9%
_/_ _s_or_/O_/_ _ole_ceA History Of Violence
32.1%
C_ _ _ _e_/_ _ _eCitizen Kane
31.3%
O_e/_o_r/P_o_oOne Hour Photo
29.5%
R_ _ _ _ _/_ _llRaging Bull
27.5%
_e_ _lYentl
25.9%
_ _e/E_ _l_s_/P_ _ _e_ _The English Patient
25.4%
_r_ _/_or_ _oGran Torino
23.2%
_ _e/_ _ee_The Queen
19.3%
_o_or_o_sNotorious
17.4%
_/_e_/Or_ _ _ _s/_ol_er_ _eX-Men Origins: Wolverine
11.3%

You're not logged in!

Compare scores with friends on all Sporcle quizzes.
OR
Log In

You Might Also Like...

Show Comments

Extras

Top Quizzes Today


Score Distribution

Your Account Isn't Verified!

In order to create a playlist on Sporcle, you need to verify the email address you used during registration. Go to your Sporcle Settings to finish the process.

Report this User

Report this user for behavior that violates our Community Guidelines.

Details: